000 00393nam a2200169Ia 4500
005 20250423094947.0
008 250422s9999 xx 000 0 und d
020 _a053423220 5
050 _aHM 108 .M38/
100 _aMatsumoto, David
245 0 _aCulture and psychology
260 _bBrooks/ Cole publishing
260 _c1996
300 _a350 p
650 _aCulture
942 _cBK
999 _c28814
_d28814